| 000 | 01062nam a22002777a 4500 | ||
|---|---|---|---|
| 005 | 20240530110609.0 | ||
| 008 | 160202s2012 ua ao g b 000 0 ara d | ||
| 017 |
_a2012/14754 _bمصر . دار الكتب المصرية |
||
| 020 | _a9789777180238 | ||
| 040 | _aEG-CaGPL | ||
| 082 | 0 | 4 |
_221 _a306.4\ _bخ ح |
| 245 | 1 | 0 |
_aحوار الثقافات الشعبية / _cتحرير و تقديم خالد ابو الليل |
| 260 |
_aالقاهرة : _bوزارة الثقافة : العلاقات الثقافية الخارجية ، _c2012 . |
||
| 300 |
_aصور ؛ _c24 سم . |
||
| 504 | _aيشتمل على ارجاعات ببليوجرافية | ||
| 650 | 0 | 4 | _aالاجتماع الثقافى |
| 650 | 0 | 4 | _aالعلاقات الثقافية |
| 650 | 0 | 4 | _aالحضارة |
| 650 | 0 | 4 | _aالحوار الثقافى |
| 650 | 0 | 4 | _aالتراث |
| 650 | 0 | 4 | _aالفولكلور |
| 650 | 0 | 4 | _aالادب الشعبى |
| 700 | 0 |
_a خالد ابو الليل _eمحرر و مقدم |
|
| 942 |
_2ddc _cBK |
||
| 999 |
_c62828 _d62828 |
||